01231nam0a22002411 4500001001100000005001700011021001900028035002600047100004100073101000800114102000700122105001800129200040800147210004900555215002200604606008600626606008300712700010100795701003300896801001800929801002200947852002000969rc\422082120250612021058.0 aRUb[63-93900] a(NLR Aleph) 008458618 a20130416d1963 |||y0rusy50 ca0 arus aRU aa z |||||1 aПособие по русскому языку для студентов и аспирантов-иностранцевeПо специальностям газонефтепромысл. и мех. фак.fМоск. ордена Трудового Красного Знамени ин-т нефтехим. и газовой пром-сти им. И.М. Губкина. Кафедра рус. яз. a[Москва]cРосвузиздатd1963 a90 с.cил.d22 aРусский языкjХрестоматии для нерусских2psbo aНефтедобычаjХрестоматии для нерусских2psbo 140707ca8rusaАгаянbТ. Л.f1915-2001gТамара Львовна3RU\NLR\AUTH\770270735 1aГригорьеваbГ.Н. 0aRUbNLRgpsbo 1aRUbELAR2rusmarc aNLRj63-6/13867